[Event "EST-ch U14"]
[Site "Tallinn"]
[Date "2022.05.22"]
[Round "7"]
[White "Pallum, Rasmus"]
[Black "Kaldmaa, Janis"]
[Result "1-0"]
[WhiteElo "1452"]
[BlackElo "1203"]
[PlyCount "101"]
[EventDate "2022.05.19"]
[EventType "swiss"]
[EventRounds "8"]
[EventCountry "EST"]
[SourceTitle "EXT 2023"]
[Source "ChessBase"]
[SourceDate "2022.10.05"]
[SourceVersion "1"]
[SourceVersionDate "2022.10.05"]
[SourceQuality "1"]

1. e4 e5 2. Nf3 Nc6 3. c3 Nf6 4. d4 exd4 5. e5 Nd5 6. cxd4 Bb4+ 7. Bd2 Bxd2+ 8. Qxd2 0-0 9. Bd3 d6 10. a3 dxe5 11. dxe5 Qe7 12. Bxh7+ Kxh7 13. Qxd5 Rd8 14. Qe4+ g6 15. 0-0 Bf5 16. Qf4 Rd5 17. Nc3 Rd7 18. Rfe1 Rad8 19. g4 Be6 20. Ne4 Kg7 21. Qf6+ Qxf6 22. exf6+ Kf8 23. Nc5 Bxg4 24. Nxd7+ Rxd7 25. Ne5 Nxe5 26. Rxe5 Rd6 27. Rc1 c6 28. Re7 Bd7 29. Rc4 b5 30. Rh4 Kg8 31. f4 a5 32. Kf2 Rd5 33. b3 Rd1 34. Ke3 Rd5 35. f5 gxf5 36. Rd4 Be6 37. Rxd5 Bxd5 38. b4 axb4 39. axb4 Kh7 40. Kf4 Kg6 41. Re8 Be6 42. Ke5 Bd7 43. Re7 Bc8 44. Rc7 Be6 45. Rxc6 Bc4 46. h4 Bd3 47. Kf4 Be4 48. Rd6 Bc2 49. Rd5 Ba4 50. Rxf5 Kh6 51. Rg5 1-0

[Event "EST-ch U14"]
[Site "Tallinn"]
[Date "2022.05.22"]
[Round "8"]
[White "Rajandu, Aaron"]
[Black "Pallum, Rasmus"]
[Result "0-1"]
[WhiteElo "1292"]
[BlackElo "1452"]
[PlyCount "78"]
[EventDate "2022.05.19"]
[EventType "swiss"]
[EventRounds "8"]
[EventCountry "EST"]
[SourceTitle "EXT 2023"]
[Source "ChessBase"]
[SourceDate "2022.10.05"]
[SourceVersion "1"]
[SourceVersionDate "2022.10.05"]
[SourceQuality "1"]

1. d4 d5 2. Nf3 Nf6 3. g3 g6 4. Bg2 Bg7 5. 0-0 0-0 6. e3 Ne4 7. Nbd2 c6 8. Nxe4 dxe4 9. Nd2 f5 10. f3 exf3 11. Nxf3 Nd7 12. c4 e5 13. b3 e4 14. Ne1 b5 15. Bb2 bxc4 16. bxc4 Nb6 17. c5 Nd5 18. Nc2 Ba6 19. Re1 Rb8 20. Qc1 Bd3 21. Bf1 Bh6 22. Bxd3 exd3 23. Na3 Bxe3+ 24. Rxe3 Nxe3 25. Qxe3 Rxb2 26. Qe6+ Kg7 27. Qe5+ Qf6 28. Qxf6+ Kxf6 29. Nc4 Rb4 30. Rc1 Rxc4 31. Rxc4 d2 32. d5 d1Q+ 33. Kf2 Qd2+ 34. Kf3 Qxd5+ 35. Kf2 Qxc4 36. Kf3 Qe4+ 37. Kf2 Rd8 38. h4 Rd2+ 39. Kf1 Qb1# 0-1

[Event "EST-ch U14"]
[Site "Tallinn"]
[Date "2022.05.21"]
[Round "5"]
[White "Pallum, Rasmus"]
[Black "Maapalu, Ralf"]
[Result "1-0"]
[WhiteElo "1452"]
[BlackElo "1111"]
[PlyCount "125"]
[EventDate "2022.05.19"]
[EventType "swiss"]
[EventRounds "8"]
[EventCountry "EST"]
[SourceTitle "EXT 2023"]
[Source "ChessBase"]
[SourceDate "2022.10.05"]
[SourceVersion "1"]
[SourceVersionDate "2022.10.05"]
[SourceQuality "1"]

1. Nf3 Nf6 2. g3 d5 3. Bg2 Bg4 4. d4 Nbd7 5. Ne5 Bf5 6. c4 c6 7. cxd5 cxd5 8. Qb3 Bxb1 9. Rxb1 Rb8 10. 0-0 e6 11. Bf4 Nxe5 12. Bxe5 Bd6 13. Bxd6 Qxd6 14. Qa4+ Nd7 15. Qxa7 Nb6 16. Rfc1 0-0 17. Qa5 Ra8 18. Qc5 Qxc5 19. dxc5 Nc4 20. b3 Na3 21. Rb2 Rfc8 22. e4 dxe4 23. Bxe4 Ra7 24. f4 Nb5 25. Kf2 f5 26. Bd3 Nc7 27. Bc4 Kf7 28. Rd2 Nd5 29. Bxd5 exd5 30. Rcc2 Ke6 31. Re2+ Kf6 32. Re5 b6 33. Rxd5 bxc5 34. Ke3 Ke6 35. Re5+ Kf6 36. h4 Rac7 37. Rd2 c4 38. Rd6+ Kf7 39. bxc4 Rxc4 40. Rxf5+ Ke7 41. Rfd5 R8c7 42. Rd4 Rc3+ 43. Rd3 Rc2 44. Ra6 Kf7 45. a4 Ra2 46. a5 h6 47. Kf3 Ke7 48. Kg4 Ra4 49. Rd5 Ra3 50. h5 Rb7 51. Ra8 Rbb3 52. Kf5 Rb7 53. a6 Rc7 54. Rb5 Rxg3 55. Rb7 Kd6 56. Rd8+ Kc6 57. Rxc7+ Kxc7 58. a7 Kxd8 59. a8Q+ Kd7 60. Qf8 Rg2 61. Qg8 Ke7 62. Qe6+ Kd8 63. Qd5+ 1-0

[Event "EU-ch U12"]
[Site "Bratislava"]
[Date "2019.08.09"]
[Round "8"]
[White "Pallum, Rasmus"]
[Black "Guri, Adrian"]
[Result "1/2-1/2"]
[WhiteElo "1048"]
[BlackElo "1474"]
[PlyCount "76"]
[EventDate "2019.08.02"]
[EventType "swiss"]
[EventRounds "9"]
[EventCountry "SVK"]
[SourceTitle "EXT 2020"]
[Source "ChessBase"]
[SourceDate "2019.10.17"]
[SourceVersion "1"]
[SourceVersionDate "2019.10.17"]
[SourceQuality "1"]

1. d4 Nf6 2. Nf3 g6 3. c4 d5 4. cxd5 Nxd5 5. e4 Nb6 6. h3 Bg7 7. Nc3 0-0 8. Bf4 c6 9. Be2 Be6 10. 0-0 Bc4 11. Bxc4 Nxc4 12. b3 Nb6 13. Rc1 e6 14. Qd2 N8d7 15. Bh6 Nf6 16. Rfd1 Rc8 17. Bg5 Qe8 18. e5 Nfd5 19. Ne4 Qd7 20. Bf6 Bxf6 21. exf6 Qd8 22. Qh6 Nxf6 23. Nfg5 Nbd7 24. Nxf6+ Nxf6 25. Rc3 Rc7 26. Rf3 Re8 27. Rdd3 Rd7 28. Rf4 Rd5 29. g4 e5 30. dxe5 Rexe5 31. Rdf3 Rxg5 32. Rxf6 Rdf5 33. R3xf5 Rxf5 34. Rxf5 gxf5 35. gxf5 Qd1+ 36. Kh2 Qd5 37. Qg5+ Kf8 38. Qh6+ Kg8 1/2-1/2

[Event "EU-ch U12"]
[Site "Bratislava"]
[Date "2019.08.04"]
[Round "3"]
[White "Madhavan, Sanjith1111"]
[Black "Pallum, Rasmus"]
[Result "1-0"]
[WhiteElo "1440"]
[BlackElo "1048"]
[PlyCount "81"]
[EventDate "2019.08.02"]
[EventType "swiss"]
[EventRounds "9"]
[EventCountry "SVK"]
[SourceTitle "EXT 2020"]
[Source "ChessBase"]
[SourceDate "2019.10.17"]
[SourceVersion "1"]
[SourceVersionDate "2019.10.17"]
[SourceQuality "1"]

1. e4 c6 2. d4 d5 3. exd5 cxd5 4. Bd3 Nc6 5. c3 Nf6 6. h3 e6 7. Nf3 h6 8. Qe2 Bd6 9. 0-0 0-0 10. Re1 Qc7 11. Ne5 Bxe5 12. dxe5 Nd7 13. f4 Nc5 14. Na3 Nxd3 15. Qxd3 a6 16. Nc2 Rd8 17. Nd4 Bd7 18. Qg3 Qb6 19. Rd1 Rac8 20. f5 exf5 21. Bxh6 g6 22. Bg5 Nxd4 23. cxd4 Re8 24. Qh4 Re6 25. Bf6 Rxf6 26. exf6 Rc2 27. b3 Rc6 28. Re1 Rxf6 29. Re7 Rd6 30. Rae1 Re6 31. Rxd7 Rxe1+ 32. Qxe1 Qxd4+ 33. Kh1 Kg7 34. Qe7 Qd1+ 35. Kh2 Qd4 36. Qxf7+ Kh6 37. Qh7+ Kg5 38. h4+ Kg4 39. Qxg6+ Kf4 40. Qg3+ Ke4 41. Re7+ 1-0

[Event "EU-ch U12"]
[Site "Bratislava"]
[Date "2019.08.03"]
[Round "2"]
[White "Pallum, Rasmus"]
[Black "Elias, David"]
[Result "0-1"]
[WhiteElo "1048"]
[BlackElo "1607"]
[PlyCount "100"]
[EventDate "2019.08.02"]
[EventType "swiss"]
[EventRounds "9"]
[EventCountry "SVK"]
[SourceTitle "EXT 2020"]
[Source "ChessBase"]
[SourceDate "2019.10.17"]
[SourceVersion "1"]
[SourceVersionDate "2019.10.17"]
[SourceQuality "1"]

1. e4 c5 2. Nc3 Nc6 3. f4 d6 4. Bb5 Bd7 5. Nf3 g6 6. 0-0 Bg7 7. d3 a6 8. Bxc6 Bxc6 9. Qe1 Nf6 10. Qh4 0-0 11. f5 Qd7 12. Bh6 Rad8 13. Ng5 Nh5 14. Bxg7 Kxg7 15. fxg6 fxg6 16. Nxh7 Kxh7 17. g4 Kh6 18. gxh5 gxh5 19. Rxf8 Rxf8 20. Rf1 Qg4+ 21. Qxg4 Rxf1+ 22. Kxf1 hxg4 23. Kf2 Kg5 24. Kg3 b5 25. Nd5 e5 26. Nc7 Bb7 27. b3 b4 28. Ne6+ Kf6 29. Nc7 Bc8 30. Nd5+ Kg5 31. Nb6 Be6 32. Nc4 Bxc4 33. bxc4 a5 34. Kf2 Kf4 35. Ke2 g3 36. hxg3+ Kxg3 37. Ke3 Kg2 38. Ke2 a4 39. Ke1 Kf3 40. Kd2 Kf2 41. Kd1 Ke3 42. Ke1 b3 43. cxb3 axb3 44. axb3 Kxd3 45. Kd1 Kxe4 46. Ke2 Kd4 47. Kd2 e4 48. Ke2 Kc3 49. Ke3 Kxb3 50. Kxe4 Kxc4 0-1